Normal view
MARC view
- الجامعات والكليات- الاردن- كتب سنوية
Entry Topical Term
001 - CONTROL NUMBER
- control field: 57446
003 - CONTROL NUMBER IDENTIFIER
- control field: JO-AjAnu
005 - DATE AND TIME OF LATEST TRANSACTION
- control field: 20230606083416.0
008 - FIXED-LENGTH DATA ELEMENTS
- fixed length control field: 230606|| aca||aabn | a|a d
040 ## - CATALOGING SOURCE
- Original cataloging agency: JO-AjAnu
- Transcribing agency: JO-AjAnu
150 ## - HEADING--TOPICAL TERM
- Topical term or geographic name entry element: الجامعات والكليات- الاردن- كتب سنوية
670 ## - SOURCE DATA FOUND
- Source citation: Work cat.: (JO-AjAnu)29313: لجنة الكتاب السنوي، جامعة الحسين بن طلال, author 57445, أحفاد النهضة: جامعة الحسين بن طلال، الكتاب السنوي، 2017